Second World War Trivia - Statistics

General Stats
  • This quiz has been taken 106 times
  • The average score is 9 of 13
Answer Stats
Hint Answer % Correct
Dictator of Germany (1932-1945) Adolf Hitler
100%
City named after the Soviet Dictator Stalingrad
86%
The country that Nazi Germany annexed first (Not Czechslovakia) Austria
84%
Germany, Italy and this country formed the Axis Powers Japan
83%
The attack of this location caused the U.S. to join the war Pearl Harbor
76%
The Capital City of Imperial Japan Tokyo
73%
Commander of the Afrika Corps Erwin Rommel
71%
Monarch of Britain George VI
70%
Also known as Operation Overlord DDay
66%
The American project to build an atomic bomb (one of the burrows) Manhattan Project
63%
Supreme Allied Commander (Later A President) Dwight Eisenhower
60%
Name of German Attack Submarines U Boats
39%
German Operation to invade the Soviet Union Operation Barbarossa
36%
No matching quizzes found
Score Distribution
Percent of People with Each Score
Percentile by Number Answered
Your Score History
You have not taken this quiz